Optimal Meeting Point Selection in Multi-user Pedestrian Navigation / (Record no. 534832)

000 -LEADER
fixed length control field 00496nam a22001577a 4500
020 ## - INTERNATIONAL STANDARD BOOK NUMBER
Qualifying information Hard Cover
082 ## - DEWEY DECIMAL CLASSIFICATION NUMBER
Classification number 621.3678
100 ## - MAIN ENTRY--PERSONAL NAME
Personal name Safdar, Faryal
245 ## - TITLE STATEMENT
Title Optimal Meeting Point Selection in Multi-user Pedestrian Navigation /
Statement of responsibility, etc. Faryal Safdar.
260 ## - PUBLICATION, DISTRIBUTION, ETC.
Place of publication, distribution, etc. Islamabad.
Name of publisher, distributor, etc. IGIS - NUST,
Date of publication, distribution, etc. 2012.
300 ## - PHYSICAL DESCRIPTION
Extent 91 p. ill. ;
Dimensions 30cm.
942 ## - ADDED ENTRY ELEMENTS (KOHA)
Source of classification or shelving scheme
Koha item type Thesis
650 ## - SUBJECT ADDED ENTRY--TOPICAL TERM
Topical term or geographic name entry element MS Thesis GIR & RS.
700 ## - ADDED ENTRY--PERSONAL NAME
Personal name Dr, Hamid Mehmood.
650 ## - SUBJECT ADDED ENTRY--TOPICAL TERM
-- 29218
700 ## - ADDED ENTRY--PERSONAL NAME
-- 29219
Holdings
Withdrawn status Lost status Source of classification or shelving scheme Damaged status Not for loan Permanent Location Current Location Shelving location Date acquired Total Checkouts Full call number Barcode Date last seen Price effective from Koha item type
          Central Library (CL) Central Library (CL) Thesis 06/22/2020   621.3678 CL-T-5739 06/22/2020 06/22/2020 Thesis
          Central Library (CL) Central Library (CL) Thesis 09/21/2020   621.3678 CL-T-5785 09/21/2020 09/21/2020 Thesis
© 2023 Central Library, National University of Sciences and Technology. All Rights Reserved.